Karate - Statystyki

Ogólne statystyki
  • Ten quiz został rozwiązany 5 razy
  • Średni wynik to 4 z 8
Statystyki odpowiedzi
Japoński Polski % Poprawnych
ago podbródek
100%
mawashi okrężnie
80%
gyaku przeciwna
60%
oi zgodna
60%
chusoku podbicie stopy
40%
soto do wewnątrz
20%
tate podłużnie
20%
uchi uderzenie
20%
Nie znaleziono quizów pasujących do podanych kryteriów
Rozkład punktacji
Procent ludzi z każdym wynikiem
Percentyl według liczby udzielonych odpowiedzi
Twoja historia wyników
Nie rozwiązałeś tego quizu